000
00300nam a22001337a 4500
008
170530b xxu||||| |||| 00| 0 eng d
020
_a
9780070358782
041
_a
eng
080
_a
93
100
_a
17
101
_a
SHH
245
_a
AMERICA RUSSIA AND THE COLD WAR
_c
LAFEBER, W
942
_2
udc
_c
BK
999
_c
15023
_d
15023